| 000 | 00614nam a2200193Ia 4500 | ||
|---|---|---|---|
| 003 | GCL | ||
| 008 | 140319s9999 xx 000 0 ara d | ||
| 040 |
_aGCL / _cGCL |
||
| 082 | 0 | 4 |
_a398.9 _bى ح |
| 100 | 1 | _aيحيى الرخاوى | |
| 245 | 1 | 0 |
_aحكمة المجانين: طلقات من عيادة نفسية / _cيحيى الرخاوى |
| 300 | _a191 ص | ||
| 490 |
_aالهيئة العامة للاستعلامات _v0 |
||
| 650 | 0 | 4 | _aالفولكلور |
| 650 | 0 | 4 | _aالادب الشعبى |
| 650 | 0 | 4 | _aالامثال العامية |
| 650 | 0 | 4 | _aالفولكلور المصرى |
| 942 |
_2ddc _cBK |
||
| 999 |
_c50917 _d50917 |
||